000 03627nam a22004217i 4500
001 B-12207
003 CO-BoFNCP
007 t||
008 090820s2009 ck r spa d
040 _aCO-BoFNCP
_bspa
_cCO-BoFNCP
_erda
041 _aspa
043 _ack
084 _aA-
100 1 _aCoffey, Michael,
_eautor.
_4aut
_948563
245 0 0 _aCaracterización morfológica y molecular de Phytophthora palmivora agente causal de las lesiones iniciales de la pudrición del cogollo (PC) de la palma de aceite en Colombia.
264 1 _aPalmira :
_bAscolfi,
_c2009.
300 _apáginas 39-44 ;
_cTablas, fotografías.
336 _atexto
_btxt
_2rdacontent
337 _asin mediación
_bn
_2rdamedia
338 _avolumen
_bnc
_2rdacarrier
504 _aIncluye referencias bibliográficas.
520 _aSe realizaron estudios morfológicos y moleculares de Phytophthora sp., aislado de lesiones asociadas con la PC en la palma de aceite en Colombia, para identificar la especie cuya patogenicidad fue comprobada por Cenipalma. Para la identificación morfológica se consideró el aspecto del milecio y se midió el diámetro de las clamidosporas y el largo-ancho de los esporangios, verificando su desprendimiento. Para la caracterización molecular, los aislamientos, se crecieron en caldo papa-dextrosa para luego someterlos a la extracción de ADN, amplificación por PCR utilizando los iniciadores ITS1 e ITS4. Los productos obtenidos se secuenciaron en el laboratorio de Genómica de la Universidad de la Florida, EUA. Las secuencias fueron analizadas en la Universidad de la Florida y en la Universidad de California, Riverside, EUA. Para la visualización de estructuras de los microorganismos presentes se tomó tejido de la zona de avance de la PC. El patógeno se caracterizó por presentar micelio blanco, cenocítico y crecimiento deprimido, en agar avena. En agar pera o en frutos de pimentón el micelio creció hinchado y nudoso. En todos los medios de cultivo y aislamientos de Phytophthora, el micelio fue delgado y delicado con consistencia acuosa, situación que hizo más difícil su aislamiento y recuperación, pero permitió diferenciarlo de otros microorganismos. Los esporangios midieron en promedio 52.8 x 37.1 Ám. y una relación 1.4. Los esporangios fueron predominantemente ovalados, esféricos o elipsoides, caducos y papilados con pedicelo corto. Se presentó germinación directa e indirecta. Se observaron clamidosporas terminales e intercalares con un diámetro promedio de 42.4 Ám. En el gel se amplificó una banda cercana a los 900 pb correspondiente a Phytophthora. Las secuencias editadas concordaron con especímenes de P. palmivora en más de 99%. En el tejido afectado, se encontraron estructuras globosas similares a las clamidosporas de Phytophthora. Las características morfológicas y moleculares permitieron concluir que los aislamientos procedentes de plantas de palma de aceite afectadas por la PC corresponden a Phytophthora palmivora.
650 0 _aCaracterización
_936704.
650 0 _aPudrición del cogollo
_930852.
650 0 _aPalma de aceite
_937678.
700 1 _aElliot, Mónica
_948564.
700 1 _aMartínez L., Gerardo
_933358.
700 1 _aNoreña, Cristián
_944277.
700 1 _aRodríguez, Jessica
_941329.
700 1 _aSarria, Greicy A.
_941330.
700 1 _aTorres, Gabriel A.
_941331.
700 1 _aVarón, Francia
_941332.
700 1 _aVélez, Diana C.
_941333.
773 0 _aFitopatología Colombiana
_gv. 32, no. 2 (Febrero 2009), p.39-44
_wA-
_x0120-0143
942 _2z
_c1
999 _c26555
_d26555
999 _z1